00874nam a2200253 a 450000100060000000300080000600500170001400800410003103500190007204000430009104100080013408200250014210000390016724500560020625000120026226000370027430000290031150000190034065000250035983000680038494200120045299900170046495201390048171881BD-RjUL20211209082156.0170508s1953 enka 001 0 eng  a(BD-RjUL)72097 aDLCcFMUdOCoLCdUkdDLCdBD-RjULbeng aeng 223a537.24bWHD 19531 aWhitehead, Stanley,d1902-921261710aDielectric breakdown of solids /cStanley Whitehead a1st ed. aOxford :bClarendon Press,c1953 a271 p. :bill. ;c23 cm. aIncludes index 0aDielectrics.9119032 aMonographs on the physics and chemistry of materialsv89212619 2ddccBK c71881d71881 00102ddc40718NFICaRUCLbRUCLcReadingd1955-02-01eZeithingerg0.00l0o537.24 WHD 1953r2017-05-08 00:00:00tC-1w2017-05-08yBK